Основы бизнеса: учебное пособие
| Auteur principal: | |
|---|---|
| Collectivité auteur: | |
| Résumé: | Заглавие с титульного экрана Электронная версия печатной публикации Учебное пособие освещает основные принципы развития предпринимательства, последовательно рассматриваются сущность и виды предпринимательской деятельности, процесс создания нового предприятия. Анализируются особенности ценообразования и маркетинга, налоговой политики, партнерства в бизнесе и правовые основы предпринимательства. Пособие подготовлено для студентов специальности «Менеджмент» Режим доступа: из сети НТБ ТПУ |
| Langue: | russe |
| Publié: |
Томск, Изд-во ТПУ, 2010
|
| Sujets: | |
| Accès en ligne: | http://www.lib.tpu.ru/fulltext3/m/2010/m40.pdf |
| Format: | Électronique Livre |
| KOHA link: | https://koha.lib.tpu.ru/cgi-bin/koha/opac-detail.pl?biblionumber=188308 |
MARC
| LEADER | 00000nlm0a2200000 4500 | ||
|---|---|---|---|
| 001 | 188308 | ||
| 005 | 20231101224127.0 | ||
| 035 | |a (RuTPU)RU\TPU\book\204544 | ||
| 090 | |a 188308 | ||
| 100 | |a 20101207d2010 m y0rusy50 ca | ||
| 101 | 0 | |a rus | |
| 102 | |a RU | ||
| 105 | |a a j 001zy | ||
| 135 | |a drcn ---uucaa | ||
| 181 | 0 | |a i | |
| 182 | 0 | |a b | |
| 200 | 1 | |a Основы бизнеса |b Электронный ресурс |e учебное пособие |f Т. З. Артюхова |g Национальный исследовательский Томский политехнический университет (ТПУ) | |
| 203 | |a Текст |c электронный | ||
| 210 | |a Томск |c Изд-во ТПУ |d 2010 | ||
| 230 | |a 1 компьютерный файл (pdf; 2.1 MB) | ||
| 300 | |a Заглавие с титульного экрана | ||
| 300 | |a Электронная версия печатной публикации | ||
| 330 | |a Учебное пособие освещает основные принципы развития предпринимательства, последовательно рассматриваются сущность и виды предпринимательской деятельности, процесс создания нового предприятия. Анализируются особенности ценообразования и маркетинга, налоговой политики, партнерства в бизнесе и правовые основы предпринимательства. Пособие подготовлено для студентов специальности «Менеджмент» | ||
| 333 | |a Режим доступа: из сети НТБ ТПУ | ||
| 337 | |a Adobe Reader | ||
| 606 | 1 | |a Бизнес |x Теория |2 stltpush |3 (RuTPU)RU\TPU\subj\28637 |9 52152 | |
| 610 | 1 | |a предпринимательская деятельность | |
| 610 | 1 | |a предпринимательство | |
| 610 | 1 | |a юридические лица | |
| 610 | 1 | |a собственное дело | |
| 610 | 1 | |a сотрудничество | |
| 610 | 1 | |a партнеры | |
| 610 | 1 | |a бизнес | |
| 610 | 1 | |a цена | |
| 610 | 1 | |a предпринимательский доход | |
| 610 | 1 | |a прибыль | |
| 610 | 1 | |a анализ | |
| 610 | 1 | |a конкурентная среда | |
| 610 | 1 | |a предпринимательский успех | |
| 610 | 1 | |a предпринимательское право | |
| 610 | 1 | |a договоры | |
| 610 | 1 | |a учебные пособия | |
| 610 | 1 | |a труды учёных ТПУ | |
| 610 | 1 | |a электронный ресурс | |
| 686 | |a У012.12я73 |v LBC/SL-A |2 rubbk | ||
| 700 | 1 | |a Артюхова |b Т. З. |c экономист |c доцент Томского политехнического университета, кандидат экономических наук |f 1951- |g Татьяна Захаровна |2 stltpush |3 (RuTPU)RU\TPU\pers\25115 | |
| 712 | 0 | 2 | |a Национальный исследовательский Томский политехнический университет (ТПУ) |c (2009- ) |2 stltpush |3 (RuTPU)RU\TPU\col\15902 |
| 801 | 1 | |a RU |b 63413507 |c 20101207 | |
| 801 | 2 | |a RU |b 63413507 |c 20121220 |g RCR | |
| 856 | 4 | |u http://www.lib.tpu.ru/fulltext3/m/2010/m40.pdf | |
| 942 | |c CF | ||